| 000 | 00382nam a22001697a 4500 | ||
|---|---|---|---|
| 999 |
_c10731 _d10731 |
||
| 003 | OSt | ||
| 008 | 210723b ||||| |||| 00| 0 eng d | ||
| 020 | _a9789352134915 | ||
| 082 | _a005.133 PLP | ||
| 100 | _aVANDERPLAS,Jake | ||
| 245 | _aPython Data Science Handbook | ||
| 250 | _a4th | ||
| 260 |
_aNew Delhi _bSPD _c5019 |
||
| 300 | _a529 | ||
| 650 | _aIT | ||
| 942 |
_2ddc _cBK _03 |
||